History of Ancient India/ (Record no. 204082)

MARC details
000 -LEADER
fixed length control field 00659nam a2200205 4500
005 - DATE AND TIME OF LATEST TRANSACTION
control field 20240709152821.0
010 ## - LCCN (DPL NO)
LC control number ENG-140868
020 ## - INTERNATIONAL STANDARD BOOK NUMBER
International Standard Book Number 9788179308974
Terms of availability 305.00
035 ## - SYSTEM CONTROL NUMBER
System control number EN-124400
037 ## - SOURCE OF ACQUISITION
Source of stock number/acquisition Spectrum Books (P) Ltd.
082 ## - DEWEY DECIMAL CLASSIFICATION NUMBER
Classification number 954
100 ## - MAIN ENTRY--PERSONAL NAME
Personal name Kumar, Ajit
245 ## - TITLE STATEMENT
Title History of Ancient India/
Statement of responsibility, etc by Ajit Kumar
250 ## - EDITION STATEMENT
Edition statement 2
260 ## - PUBLICATION, DISTRIBUTION, ETC. (IMPRINT)
Place of publication, distribution, etc New Delhi
Name of publisher, distributor, etc Tulika Books
Date of publication, distribution, etc 2024
270 ## - ADDRESS
Address A1 291, First Floor, Janakpuri
City New Delhi
Postal code 110058
Telephone number 01125507922
-- 9958327924
Electronic mail address info@spectrumbooks.in
300 ## - PHYSICAL DESCRIPTION
Extent vii, 362p.
Dimensions 24cm(pb)
500 ## - GENERAL NOTE
General note For Civil Services Preliminary Examinations
942 ## - ADDED ENTRY ELEMENTS (KOHA)
Source of classification or shelving scheme Dewey Decimal Classification
Item type English Books
Classification part 954
Call number suffix AJI
Holdings
Withdrawn status Lost status Not for loan Collection code Home library Current library Date acquired Source of acquisition Cost, normal purchase price Full call number Barcode Copy number Cost, replacement price Koha item type
      Non-fiction New Police Line New Police Line 09/07/2024 DBAD 305.00 954 AJI EN-124400 1 305.00 English Books

© Delhi Public Library
Hit Counter
free hit counter